00677 2200253 4500001002100000005001700021008004100038035002600079245001900105100001900124250000600143260005700149300002300206020002200229082000800251084001000259520001400269650005000283990001800333990001800351990001800369990001800387990001800405INLIS00000000000271920191230004045.0191230| ||| | ind  a 0010-12190000000271900cMohammad Hatta0 aMohammad Hatta a1 aKreasi Wacana : BantulbKreasi Wacana : Bantulc2014 a120 hlm ;c120 hlm a978-602-9020-50-20 a300 a, 321 aAPBD 2014 0aKedaulatan Rakyat , Otonomi dan Demokrasi 321 aB201702086454 aB201702086452 aB201702086515 aB201702086516 aB201702096619